| 000 | 00620nam a22001817a 4500 | ||
|---|---|---|---|
| 005 | 20251108171003.0 | ||
| 008 | 250721s1995 xx 000 0 ara d | ||
| 082 | 1 | 4 | _a910.4/بير |
| 100 | 1 | _aبيرتون، رتشارد ف | |
| 245 | 1 | 0 | _aرحلة بيرتون إلى مصر و الحجاز / |
| 264 | 1 |
_aالقاهرة : _bالهيئة المصرية العامة للكتاب، _c1995. |
|
| 300 | _a- ج | ||
| 650 | 1 | 7 | _aالرحلات و الأسفار |
| 650 | 1 | 7 | _aالرحلات و الوصف |
| 700 | 1 |
_aالشيخ، عبد الرحمن عبد الله _eترجمة |
|
| 942 |
_2ddc _cBK |
||
| 999 |
_c53767 _d53767 |
||